| 000 | 00551nam a2200217Ia 4500 | ||
|---|---|---|---|
| 003 | OSt | ||
| 005 | 20230516142839.0 | ||
| 008 | 210423s2010 xx 000 0 und d | ||
| 020 | _a9780321610225 | ||
| 040 | _cAL | ||
| 041 | _aeng | ||
| 082 |
_a575.1 _223 _bRUSP |
||
| 100 |
_aRUSSELL (Peter J). _9105390 |
||
| 245 | _aGenetics: a molecular approach. | ||
| 250 | _a3 | ||
| 260 |
_aNew York _bPearson Benjamin Cummings _c2010 |
||
| 300 |
_axix,828 _bPB |
||
| 365 |
_b2838 _cINR |
||
| 906 | _aapproach. ; Genetics ; molecular | ||
| 942 |
_2ddc _cBK |
||
| 999 |
_c164500 _d164500 |
||